00513nam a22001457a 4500003000500000038001800005082000800023100002200031245010800053264003500161300002400196650005000220700004000270856005700310NUST aNusrat Nadeem a200 aShafique, Khadija aGIMKIT: A GAMIFICATION TEACHING APPROACH FOR MEASURING DIGITAL LEARNING ASSESSMENT/cKhadija Shafique,  aIslamabad;bSEECS NUST;c2024. a62,p;bill;c30,cm. aMS- Innovative Technologies in Learning (ITL) aSupervisor: Dr.Tahira Anwer Lashari uhttp://10.250.8.41:8080/xmlui/handle/123456789/45386